Teoretické prístupy k menovej politike: keynesovci verzus monetaristi

Keynesovský a monetaristický prístup k menovej politike. Postkeynesovská teória peňazí. Moderné teoretické modely menovej politiky ako racionálna syntéza keynesovstva a monetarizmu.

Saved in:
Bibliographic Details
Main Author: Gonda, Vladimír
Format: Book Chapter
Language:Slovak
Subjects:
Tags: Add Tag
No Tags, Be the first to tag this record!

MARC

LEADER 00000naa$a2200000$$$4500
001 0249872
005 20240712112049.2
041 0 |a slo 
044 |a SK 
245 1 0 |a Teoretické prístupy k menovej politike: keynesovci verzus monetaristi  |c Vladimír Gonda 
520 |a Keynesovský a monetaristický prístup k menovej politike. Postkeynesovská teória peňazí. Moderné teoretické modely menovej politiky ako racionálna syntéza keynesovstva a monetarizmu. 
610 2 0 |a politika menová 
610 2 0 |a teória peňažná 
610 2 0 |a keynesizmus 
610 2 0 |a monetarizmus 
610 2 0 |a postkeynesizmus 
610 2 0 |a banky centrálne 
610 2 0 |a politika fiškálna 
100 1 |a Gonda, Vladimír